banner-ar

كتاب مكافئات الثنائيات / (Record no. 50568)

MARC details
000 -الفاتح
حقل البيانات ثابتة الطول 00701nam a2200229Ia 4500
008 - عناصر البيانات ثابتة الطول - معلومات عامة
حقل البيانات ثابتة الطول 140319s9999 xx 000 0 ara d
040 ## - مصدر الفهرسة
وكالة الفهرسة الأصلية GCL /
وكالة النسخ GCL
082 04 - رقم تصنيف ديوى العشرى
رقم التصنيف 621.38
رقم المادة م ك
100 1# - المدخل الرئيسى - إسم شخصى
الإسم الشخصى محمد نذير المتنى
245 10 - بيان العنوان
العنوان كتاب مكافئات الثنائيات /
بيان المسئوليه,etc محمد نذير المتنى
300 ## - الوصف المادى
التعداد 135 ص
490 ## - بيان السلسلة
عنوان السلسلة الموسوعة الالكترونية
رقم المجلد/ التعيين التسلسلي 0
650 04 - المدخل الاضافى بالموضوع-مصطلح موضوعى
مصطلح موضوعي الثنائيات
650 04 - المدخل الاضافى بالموضوع-مصطلح موضوعى
مصطلح موضوعي الثنائى الكاشف
650 04 - المدخل الاضافى بالموضوع-مصطلح موضوعى
مصطلح موضوعي الترياك
650 04 - المدخل الاضافى بالموضوع-مصطلح موضوعى
مصطلح موضوعي ثنائى زينر
650 04 - المدخل الاضافى بالموضوع-مصطلح موضوعى
مصطلح موضوعي ثنائى التقويم
650 04 - المدخل الاضافى بالموضوع-مصطلح موضوعى
مصطلح موضوعي الدياك
650 04 - المدخل الاضافى بالموضوع-مصطلح موضوعى
مصطلح موضوعي الثنائى الباعث للضوء
942 ## - عناصر المدخل الإضافي( كوها)
مصدر التصنيف او مخطط الترفيف Dewey Decimal Classification
Koha [default] item type كتاب
Holdings
حالة التراجع حالة الفقد حالة تلف ليس للاعارة المكان المؤقت الموقع الحالى تاريخ الاكتساب اجمالي اﻻعارات رقم الطلب الباركود تاريخ اخر مشاهدة تاريخ تفعيل السعر نوع وعاء كوها
        مكتبة القاهرة الكبرى مكتبة القاهرة الكبرى 03/26/2014   621.38\م ك 121245 03/26/2014 03/26/2014 كتاب

Powered By

EGPV